Rides of Rulantica | 2023 Update - Statistics

General Stats
  • This quiz has been taken 7 times
    4 since last reset
  • The average score is 22 of 38
Answer Stats
Themed Area Attraction % Correct
Rangnakor Munin
100%
Snorri's Strand Snorri's Rutscheplads
100%
Snorri's Strand Snorri's Spelaborg
100%
Svalgurok Spiralrok
100%
Vinterhal Svalgur Rytt
100%
Vinterhal Två Fall
100%
Vikingløp Vikingløp
100%
Rangnakor Vildfål
100%
Vildstrøm Vildstrøm
100%
Vinterhal Vinter Rytt
100%
Rangnakor Dugdrob
50%
Frigg Tempel Frigg Tempel
50%
Skip Strand Hoppablad
50%
Rangnakor Hugin
50%
Vinterhal Isbrekker I
50%
Vinterhal Isbrekker II
50%
Svalgurok Isrok
50%
Svalgurok Istapprok
50%
Trølldal KullerBuller
50%
Skip Strand Översnabb
50%
Skip Strand Översnurra
50%
Skip Strand Överstor
50%
Trølldal Schabernakker I
50%
Trølldal Schabernakker II
50%
Skog Lagune Skog Lagune
50%
Snorri Snorkling VR Snorri Snorkling VR
50%
Snorri's Saga Snorri's Saga
50%
Snorri Strand Snorri Strand
50%
Svalgurok Stormrok
50%
Vinterhal Storm Vind
50%
Lumåfals Surf Fjørd
50%
Trølldal Tommelplums
50%
Frigg Tempel Tønnevirvel
50%
Svalgurok Vågorrok
50%
Svalgurok Falrok
0%
Svalgurok Skiprok
0%
Svalgurok Slalomrok
0%
Svalgurok Vragrok
0%
No matching quizzes found
Score Distribution
Percent of People with Each Score
Percentile by Number Answered
Your Score History
You have not taken this quiz since the last reset